| 000 | 00869 a2200229 4500 | ||
|---|---|---|---|
| 020 | _a007246352X | ||
| 020 | _a0071198482 | ||
| 040 |
_aDLC _bDLC |
||
| 082 | 0 | 0 | _a621.382/1 |
| 100 | 1 | _aLeon-Garcia, Alberto. | |
| 245 | 1 | 0 |
_aCommunication networks: fundamental concepts and key architectures _bfundamental concepts and key architectures _cAlberto Leon-Garcia, Indra Wadjaja. |
| 250 | _a2nd ed. | ||
| 260 |
_aBoston : _bMcGraw-Hill, _c2004. |
||
| 300 |
_axxvii, 900 p. : _bill. ; _c24 cm. |
||
| 650 | 0 | _aTelecommunication systems. | |
| 650 | 0 | _aComputer network architectures. | |
| 650 | 0 | _aComputer networks. | |
| 700 | 1 |
_aWidjaja, Indra, _d1960- |
|
| 856 | 4 | 2 |
_3Publisher description _uhttp://www.loc.gov/catdir/description/mh031/2003046441.html |
| 856 | 4 | 2 |
_3Table of contents _uhttp://www.loc.gov/catdir/toc/mh031/2003046441.html |
| 942 |
_cBK _k621.3821 LEO _2ddc |
||
| 999 |
_c8252 _d8252 |
||